| 000 | 00505nam a2200193Ia 4500 | ||
|---|---|---|---|
| 003 | GCL | ||
| 008 | 140319s9999 xx 000 0 eng d | ||
| 040 |
_aGCL / _cGCL |
||
| 082 | 0 | 4 |
_aCC _b932 _bM A |
| 100 | 1 | _aMURRAY, M. A | |
| 245 | 1 | 0 |
_aANCIENT EGYPTIAN LEGENDS / _cMURRAY, M. A |
| 260 |
_a[S.N] : _bJOHN MURRAY ALBEMARIE STERRT,W ، _c1913 |
||
| 300 | _a119P. | ||
| 650 | 0 | 4 | _aANCIENT EGYPT |
| 650 | 0 | 4 | _aANCIENT EGYPTIAN |
| 650 | 0 | 4 | _aLEGENDS |
| 650 | 0 | 4 | _aEGYPT - CIVILIZATION |
| 942 |
_2ddc _cBK |
||
| 999 |
_c12099 _d12099 |
||